| 000 | 00000nam##2200000za#4500 |
| 001 | 9.566965 |
| 003 | CaOODSP |
| 005 | 20210624180537 |
| 007 | cr ||||||||||| |
| 008 | 150406|2008||||xxc|||||o f|0| 0 eng|d |
| 022 | |a1488-5379 |
| 040 | |aCaOODSP|beng |
| 043 | |an-cn--- |
| 086 | 1 |aFs97-6/2811E-PDF |
| 110 | 1 |aCanada. |bDepartment of Fisheries and Oceans. |
| 245 | 10|aAssessment of long-term trends in the littoral fish community of Hamilton Harbour using an Index of Biotic Integrity / |h[electronic resource]|c[By] C.M. Brousseau and R.G. Randall. |
| 260 | |aBurlington - Ontario : |bFisheries and Oceans Canada |c2008. |
| 300 | |a102p.|bfigs., map, references, tables |
| 490 | 1 |aCanadian technical report of fisheries and aquatic sciences|x1488-5379|v2811 |
| 546 | |a(Résumé en français.) |
| 590 | |a10-10-Supp|b2010-11-09 |
| 720 | 1 |aRandall, R. G. |
| 720 | 1 |aBrousseau, C. M. |
| 776 | 0#|tAssessment of long-term trends in the littoral fish community of Hamilton Harbour using an Index of Biotic Integrity / |w(CaOODSP)9.619186 |
| 830 | #0|aCanadian technical report of fisheries and aquatic sciences,|x1488-5379|v2811|w(CaOODSP)9.504449 |
| 856 | 40|ahttp://publications.gc.ca|qPDF|s741 KB|uhttps://publications.gc.ca/collections/collection_2010/mpo-dfo/Fs97-6-2811-eng.pdf|y2811 |